000 nam a22 a 4500
999 _c559
_d559
005 20170504112758.0
008 17050451982 cau ac uac | 001 |deng
020 _a0818504617
040 _aAKMAL
082 0 4 _219
_a153.8 FRA
082 0 4 _218
_a152.5
090 _a153.8
_bFRA
100 1 _aFranken, Robert E
_d1939
_91246
245 1 0 _aHuman motivation
_cRobert E. Franken.
260 _aMonterey, Calif.
_bBrooks/Cole
_c1982.
300 _axxi,538p. :
_b ill., ports
_c 24cm
504 _aBibliography: p463-513.
599 _aDALAM PROSES
650 0 _a Motivation (Psychology)
_9559
852 4 1 _aBritish Library
_bHMNTS
942 _2ddc
_cBOOK